000 01283nam a2200301 i 4500
003 EG-GICUC
005 20260121101501.0
008 251214s1941 enka|||fr|||| 00| 0 eng d
040 _aEG-GiCUC
_beng
_cEG-GiCUC
_dEG-GiCUC
_erda
041 _aeng
082 0 4 _221
_a330.040
_bCO . E
092 0 4 _221
099 _aLaw1 13 330.040 CO . E 1941
100 1 _aCole, G. D. H.
_eAuthor.
245 1 0 _aEurope, Russia, And The Future /
_c G. D. H. Cole
264 1 _aLondon :
_bVictor Gollancz Ltd,
_c1941.
300 _a186 pages ;
_c24 cm
336 _2rda content
_atext
337 _2rda media
_aComputer
338 _2rda carrier
_aOnline Resource
546 _aText in English
650 1 _aEconomy Economy e
_2qrmak
650 1 _aEurope, Russia
_2qrmak
651 1 _2qrmak
856 4 0 _uhttps://fll.law.cu.edu.eg/fulltext/bks/B13-09021.pdf
905 _a72
942 _2ddc
_cBK
_e21
_n0
999 _c50386
_d50386